| 000 | 00736ntm a22003017a 4500 | ||
|---|---|---|---|
| 005 | 20240306192703.0 | ||
| 008 | 170810b xxu||||| |||| 00| 0 spa d | ||
| 020 | _a9789587625332 | ||
| 041 | _aESP | ||
| 082 | _a658.8 M678c | ||
| 100 |
_aMisiego, Francisco _943747 |
||
| 100 |
_aDe la Morena, Alexia _943748 |
||
| 245 | _a¿Compras con el corazón o con el cerebro? | ||
| 260 | _aColombia | ||
| 260 | _bEdiciones De la U | ||
| 260 | _c2016 | ||
| 300 | _a496 páginas | ||
| 650 | _aMARKETING | ||
| 650 | _aNEUROMARKETING | ||
| 650 | _aNEUROCOMUNICACIÓN | ||
| 650 | _aNEUROECONOMÍA | ||
| 650 | _aPUBLICIDAD | ||
| 650 | _aMARKETING SENSORIAL | ||
| 942 |
_cBK _2ddc |
||
| 999 |
_c9719 _d9719 |
||